000 01150nam a22004097a 4500
001 0020143
003 KOHA_MİRAKIL
005 20260207002252.0
007 ta
008 100805b1990 tu a|||gr||||#0|||0|tur |
020 _a9751602572
_q(set)
020 _a9751602599
_q(c. 2)
040 _aTR-BiSEU
_btur
_cTR-BiSEU
_erda
041 0 _atur
044 _ctu
050 _aDR440
_b.Y83 1990
100 1 _aYücel, Yaşar.
245 1 _aTürkiye tarihi 2/
_cYaşar Yücel ; Yaşar Yücel, Ali Sevim.
264 1 _aAnkara :
_bTürk Tarih Kurumu Basımevi
_c1990
300 _a416 sayfa :
_bres. ;
_c24 cm.
336 _ametin
_btxt
_2rdacontent
337 _aaracısız
_bn
_2rdamedia
338 _acilt
_bnc
_2rdacarrier
490 1 _aTürk Tarih Kurumu yayınları.
490 1 _aXIII.
490 1 _adizi ;
_vsa.
490 1 _a22-
500 _aKaynakça ve dizin var.
650 0 _aTürkiye--tarih.
_921308
650 0 _aTurkey--History.
_95455
830 1 _aTürk Tarih Kurumu yayınları.
_96704
830 1 _aXIII.
_944405
830 1 _adizi ;
_vsa.
_910357
830 1 _a22-
_96062
907 _aTarih
942 _2lcc
_cBK
999 _c20100
_d20100